Descubriendo la historia : grandes inventores : Einstein /

Spremljeno u:
Bibliografski detalji
Glavni autor: Miller, Ronald Mark (prod. ejecutiva)
Daljnji autori: Frazee, Jeffery Edwin (producción ejecutiva) (producción ejecutiva), Harris, Scott (producción) (producción), Callerame, Brian Joseph (guión) (guión), Harris, Scott (guión) (guión), Manning, Rick (montaje) (montaje), Cirinelli, Guy D. (montaje) (montaje)
Format: Slajd
Jezik:španjolski
Izdano: Las Vegas, EUA : American Institute for Education, c1997-1999
México : En Pantalla Producciones Internacionales [distribución], 2006, c2006
Serija:(Descubriendo la Historia)
Teme:
Oznake: Dodaj oznaku
Bez oznaka, Budi prvi tko označuje ovaj zapis!

MARC

LEADER 00000ngm^a2200000^a^4500
001 000269217
005 20250521000000.0
009 20260310110916.95
037 |a Acervo ITESO - Biblioteca 
041 |a ESP 
082 |a 909.  |b DES V. 2 
100 |a Miller, Ronald Mark  |e (prod. ejecutiva) 
240 1 1 |a [Descubriendo la historia] 
245 1 0 |a Descubriendo la historia :  |b grandes inventores : Einstein /  |c Prod. ejecutiva de R.M. Miller, J.E. Frazee ; prod. de S. Harris. 
246 2 |a Título en la pantalla: La vida y las ideas de Albert Einstein 
246 2 |a Título en la pantalla: The Life and Mind of Albert Einstein 
246 2 |a Título en la pantalla: El padre del automóvil: Henry Ford 
246 2 |a Título en la pantalla: The Father of the Automobile: Henry Ford 
246 2 |a Título en la pantalla: Descubriendo la historia: grandes inventores: Thomas Edison 
246 2 |a Título en la pantalla: Thomas Edison y su vida como inventor 
246 2 |a Título en la pantalla: Thomas Edison: A Life of Invention 
264 4 |a Las Vegas, EUA :  |b American Institute for Education,  |c c1997-1999 
264 4 |a México :  |b En Pantalla Producciones Internacionales [distribución],  |c 2006, c2006 
300 |a 1 DVD sin dato de región  |c (25, 26, 20 min.) 
336 |a imagen móvil bidimensional  |b tdi  |2 rdacontenido 
337 |a video  |b v  |2 rdamedio 
338 |a videodisco  |b vd  |2 rdasoporte 
440 1 |a (Descubriendo la Historia) 
500 |a Traducción de: Kids Discovering History: Albert Einstein 
500 |a Traducción de: Kids Discovering History: Henry Ford 
500 |a Traducción de: Kids Discovering History: Thomas Edison 
546 |a Doblaje al español 
649 |a XX 
650 |a Físicos Alemanes -  |x Biografías 
650 |a Físicos Norteamericanos -  |x Biografías 
650 |a Científicos Alemanes -  |x Biografías 
650 |a Científicos Norteamericanos -  |x Biografías 
650 |a Inventores Norteamericanos -  |x Biografías 
650 |a Empresarios Norteamericanos -  |x Biografías 
650 |a Industria Automotriz -  |z Detroit, EUA -  |x Historia 
650 |a Industria Automotriz -  |z EUA -  |x Historia 
650 |a Industria Pesada y de Alta Tecnología -  |z EUA -  |x Historia 
650 |a Inventos -  |z EUA -  |x Historia -  |y Reconstrucción, 1865-1901 
650 |a Inventos -  |z EUA -  |x Historia -  |y Siglo XIX 
650 |a Desarrollo Tecnológico -  |z EUA -  |x Historia -  |y Reconstrucción, 1865-1901 
650 |a Desarrollo Tecnológico -  |z EUA -  |x Historia -  |y Siglo XIX 
650 |a Desarrollo Tecnológico -  |z EUA -  |x Historia -  |y 1901-1919 
650 |a Desarrollo Tecnológico -  |z EUA -  |x Historia -  |y Siglo XX 
650 |a Tecnología -  |z EUA -  |x Historia 
650 |a Automóviles -  |z EUA -  |x Historia 
650 |a Transporte Terrestre -  |z EUA -  |x Historia 
650 |a Comunicaciones y Tránsito -  |z EUA -  |x Historia 
650 |a Relatividad (Física) -  |x Historia 
650 |a Física -  |x Historia -  |y Siglo XX 
650 |a Ciencia -  |x Historia -  |y Siglo XX 
650 |a Edison, Thomas Alva -  |x Tema Principal 
650 |a Einstein, Albert -  |x Tema Principal 
650 |a Ford, Henry -  |x Tema Principal 
740 0 |a Descubriendo la historia :  |b grandes inventores : Ford /  |c Prod. ejecutiva de R.M. Miller, J.E. Frazee ; prod. de S. Harris. 
740 0 |a Descubriendo la historia :  |b grandes inventores : Edison /  |c Prod. ejecutiva de R.M. Miller, J.E. Frazee. 
700 |a Frazee, Jeffery Edwin  |e (producción ejecutiva) 
700 |a Harris, Scott  |e (producción) 
700 |a Callerame, Brian Joseph  |e (guión) 
700 |a Harris, Scott  |e (guión) 
700 |a Manning, Rick  |e (montaje) 
700 |a Cirinelli, Guy D.  |e (montaje) 
910 |a Fondo General 
920 |a Audiovisuales - DVDs 
905 |a 302 
901 |a 0500143801  |b IT2  |c DVS  |u 20250521 
902 |a https://opac.biblio.iteso.mx/vufind/Record/000269217